01014nam a2200241 4500003001100000008004100011020001600052040003900068041000800107082001300115111015500128245010900283260006300392300003100455650004200486650004300528700002500571700004000596700002600636942000700662952008800669999001500757LK-CoMWRAF231119b1994 |||||||| |||| 00| 0 eng d a96799288454 aLK-CoMWRAFdLK-CoMWRAFeLK-CoMWRAF aeng a306bFOR aRegional policy dialogue on "FOREIGN WOMEN,DOMESTIC WORKERS:INTERNATIONAL MIGRATION, EMPLOYMENT AND NATIONAL POLICIES"c(Colombod10-14th August 1992) aThe trade in domestic workers causes, mechanisms, and consequences of international migration:bVolume 1 aKuala Lumpur:bAsian and Pacific development centre,c1994 axxx, 247 p.: ill. ; 26 cm. aWomen household employees--Congresses aEmigration and immigration--Congresses aHeyzer, Noeleeneed. aLycklama à Nijeholt, Geertjeeed. aWeerakoon, Nedraeed. cCP 00104070aMAINbMAINd2023-11-19l0o306 FORpRAF3061r2023-11-19w2023-11-19yCP c4153d4153